| 000 | 01089nam a2200229Ia 4500 | ||
|---|---|---|---|
| 999 |
_c34659 _d34659 |
||
| 001 | 436 | ||
| 003 | GE_BSU | ||
| 005 | 20211222111736.0 | ||
| 008 | 181216s2005||||ge |||||||||||||| ||geo|| | ||
| 040 | _cGE_BSU | ||
| 080 | _a31(075.8) გ–12 | ||
| 100 |
_aგაბიძაშვილი, ბ. _911730 |
||
| 245 |
_aსტატისტიკის თეორია : _bსახელმძღვანელო / _cბ. გაბიძაშვილი ; რედაქტორი : ს. გელაშვილი. |
||
| 250 | _aმე–2 შევს.და გადამუშავებული | ||
| 264 |
_aთბილისი : _bუნივერსალი, _c2005. |
||
| 300 | _a628 გვ. | ||
| 653 | _aსტატისტიკის თეორია | ||
| 653 | _aსტატისტიკა. | ||
| 653 | _aსტატისტიკური მეთოდები. მათემატიკური სტატისტიკა. | ||
| 700 |
_aგელაშვილი, ს. _eრედაქტორი _95758 |
||
| 942 |
_cBK _2udc |
||